Επισκόπηση βυζαντινής ιστορίας : 324-1204 : μελέτες ΚΜΕ
Saved in:
| Main Author: | |
|---|---|
| Format: | Book |
| Language: | Greek |
| Published: |
Αθήνα :
Σύγχρονη Εποχή,
1989.
|
| Series: | Ιστορική βιβλιοθήκη (Σύγχρονη Εποχή)
|
| Subjects: | |
| Tags: |
Add Tag
No Tags, Be the first to tag this record!
|
MARC
| LEADER | 00000cam a2200000 i 4500 | ||
|---|---|---|---|
| 001 | 1/59593 | ||
| 008 | 020319s1989 gr | ||| |||| ||gre|| | ||
| 020 | |a 9602241047 | ||
| 035 | |l 10000528 | ||
| 040 | |a GR-MyUa |b gre |e AACR2 | ||
| 041 | 0 | |a gre | |
| 082 | 7 | |a 938.3 |2 (22) | |
| 100 | 1 | |a Λουγγής, Τηλέμαχος Κ., |d 1945- | |
| 245 | 1 | 0 | |a Επισκόπηση βυζαντινής ιστορίας : |b 324-1204 : μελέτες ΚΜΕ / |c Τηλέμαχου Κ.Λουγγή. |
| 260 | |a Αθήνα : |b Σύγχρονη Εποχή, |c 1989. | ||
| 300 | |a 300 σ. ; |c 21 εκ. | ||
| 490 | 1 | |a (Ιστορική βιβλιοθήκη / Σύγχρονη Εποχή) | |
| 651 | 0 | |a Byzantine Empire |x History. | |
| 830 | 0 | |a Ιστορική βιβλιοθήκη (Σύγχρονη Εποχή) | |
| 852 | |a INST |b RHODES |e 20020319 |h 938.3 ΛΟΥ |p 005400020951 |q 005400020951 |t BK |y 0 | ||
| 901 | |a BIBL4-2002-1 | ||
| 970 | |a Κουλακιώτη |b Λίτσα |z 2002/03/19 | ||